| 000 | 00512cam a2200181ua 4500 | ||
|---|---|---|---|
| 020 | _c$ 12.75 | ||
| 041 |
_aeng _h |
||
| 082 |
_a530.133 _bALD/FU |
||
| 100 | _aAlonso, Marcelo . | ||
| 245 |
_aFundamental University Physics : Vol III : Quantum and statistical physics / _cFinn Edward. _hTextual Documents |
||
| 260 |
_aTokya : _bAddison-Wesley Publishing Company , _c1968. |
||
| 300 | _a ; . | ||
| 365 | _a$ 12.75 | ||
| 504 | _a | ||
| 700 | 1 | _aFinn, Edward . | |
| 942 | _cBK | ||
| 999 |
_c3174 _d3174 |
||